000 01067nam a22002175i 4500
001 103076
003 ES-MaACL
005 20230906183249.0
007 t|
008 060110s1785 sp ||||1| spa d
040 _aCAT
_bspa
_cCAT
_dCCPB
080 _a616.912-084.47"17"
100 1 _aMenós y de Llena, Jaime.
_980376
245 1 0 _aMemoria contra la inoculacion
_b: sacada de las dudas i disputas entre los autores excitadas a cerca la utilidad o daños causados por la inoculacion de las viruelas y comprobada por el desengaño /
_cque da al público el doctor don Jaime Menós i de Llena ...
260 _aManresa :
_bpor Ignacio Abadal ..., i se hallará en Madrid en la libreria de Valentin Francès Caballero ..., Barcelona en la de Francisco Ribas ...,
_c[1785?]
300 _a52 p. ;
_c4º (21 cm)
500 _aFecha de la licencia: 27 Noviembre de 1785.
510 4 _aPalau 164.591 o 164.592, Torres Amat 415
650 1 4 _aViruela-
_xVacunación-
_vObras anteriores a 1800.
_917832
852 _aES-MaACL
_jR-3431(14)
999 _c103076
_d103076